00954nam a2200241 a 450000100060000000300090000600800410001502000180005604000280007408200140010210000280011624500970014426000230024130000100026465000340027465000360030865000370034465000350038194200120041699900150042895201360044395201330057924058CO-ViMGA141112s2004 ck r 000 u spa d a9789972209826 aCO-ViMGAbspacCO-ViMGA04a500 G874t1 aGutierres, Lilia93501710aTaller de laboratorio : b100 experimentos de biologia, fisica y quimica / cLilia Gutierres aEspaña : bLexus a318p.14aCIENCIA - ENSEÑANZA 95024314aLABORATORIOS DE QUIMICA93501814aLABORATORIOS DE BIOLOGIA 93501914aLABORATORIOS DE FISICA 935020 2ddccBK c3542d3542 00102ddc40708003aMEVIECARbMEVIECARd2015-12-04h16/nov/2011l0o500 G874t p25041r2019-02-18 00:00:00tEj. 1w2015-12-04yBK 00102ddc40708GENaMECASARIbMECASARIcGENd2024-11-10l0o530.7 G87TpBM0001373r2024-11-10 14:17:22tEj.1w2024-11-10yBK